000 00396pab a2200169 454500
008 180718b2011 xxu||||| |||| 00| 0 eng d
100 _aPattanaik, B.K.
245 _aSarva Shikhya Abhiyan and inclusive education
260 _c2011
300 _ap.16-19.
362 _aMay
650 _aEducation
700 _aSingh, Madan Mohan
773 _aKurukshetra
908 _aN
909 _a91488
999 _c91488
_d91488